Statistics for When Were These Best-Selling Games Made?

Click here to take the quiz!

General Stats

  • This quiz has been taken 15 times
  • The average score is 6 of 16

Answer Stats

YearAnswer% Correct
2014Mario Kart 8 Deluxe
92%
1985Super Mario Bros.
92%
2009Minecraft
75%
2013Grand Theft Auto Five
67%
1980Pac-Man
50%
2019Call Of Duty: Modern Warfare
42%
1991Sonic The Hedgehog
42%
1984Tetris
42%
2017PlayerUnknown's Battlegrounds
33%
2006Wii Sports
33%
2018Red Dead Redemption 2
25%
1984Duck Hunt
17%
2012Diablo III
8%
1996Pokemon Red/Green/Blue/Yellow
8%
2006Wii Play
8%
2011Terraria
0%

Score Distribution

Percentile by Number Answered

Percent of People with Each Score

Your Score History

You have not taken this quiz